000
00490nam a2200145Ia 4500
008
100204s9999 xx 000 0 und d
082
_b
9904
100
_a
धोंड मधुकर वासुदेव
245
_a
चंद्र्रचवथीचा
260
_b
"मौज प्रकाशन , मुंबई"
_c
1987
300
_a
115
630
_a
चंद्र्रचवथीचा
730
_a
चंद्र्रचवथीचा
942
_c
BOOK
999
_c
454340
_d
454337